[Event "FIN-chT 0708"]
[Site "Finland"]
[Date "2008.03.08"]
[Round "8.8"]
[White "Sorsa, Miitrei"]
[Black "Hintikka, Eero"]
[Result "1/2-1/2"]
[WhiteElo "2198"]
[BlackElo "2122"]
[PlyCount "65"]
[EventDate "2007.09.15"]
[EventType "team-tourn"]
[EventRounds "9"]
[EventCountry "FIN"]
[SourceTitle "EXT 2022"]
[Source "ChessBase"]
[SourceDate "2021.10.06"]
[SourceVersion "1"]
[SourceVersionDate "2021.10.06"]
[SourceQuality "1"]
[WhiteTeam "Turku TS"]
[BlackTeam "Jyvaskyla JyS"]
[WhiteTeamCountry "FIN"]
[BlackTeamCountry "FIN"]

1. e4 e5 2. Nf3 Nc6 3. Bc4 d6 4. d4 exd4 5. Nxd4 g6 6. Be3 Bg7 7. Nc3 Nf6 8. f3 0-0 9. Qd2 Nxd4 10. Bxd4 Be6 11. Be2 c6 12. 0-0 Qa5 13. a3 Rfe8 14. b4 Qc7 15. Rad1 b5 16. Be3 d5 17. exd5 Bxd5 18. Bxb5 cxb5 19. Nxd5 Nxd5 20. Qxd5 Qxc2 21. Bc5 Qc4 22. Qd7 a6 23. Rfe1 Rec8 24. Re4 Qc2 25. Qd5 Bf8 26. Bxf8 Rxf8 27. Re7 Rae8 28. Rd7 Re6 29. f4 Rfe8 30. h3 Qe4 31. Qxe4 Rxe4 32. R7d6 R8e6 33. Rxe6 1/2-1/2

[Event "FIN-chT 0506"]
[Site "Finland"]
[Date "2006.03.11"]
[Round "8.8"]
[White "Kosmo, Santul"]
[Black "Sorsa, Miitrei"]
[Result "1-0"]
[WhiteElo "2262"]
[BlackElo "2198"]
[PlyCount "92"]
[EventDate "2005.09.10"]
[EventType "team-tourn"]
[EventRounds "9"]
[EventCountry "FIN"]
[SourceTitle "EXT 2022"]
[Source "ChessBase"]
[SourceDate "2021.10.06"]
[SourceVersion "1"]
[SourceVersionDate "2021.10.06"]
[SourceQuality "1"]
[WhiteTeam "Joensuu SK"]
[BlackTeam "Turku TS"]
[WhiteTeamCountry "FIN"]
[BlackTeamCountry "FIN"]

1. e4 d6 2. d4 Nf6 3. Nc3 g6 4. Be3 c6 5. Qd2 b5 6. Bd3 Nbd7 7. Nf3 Qc7 8. Ne2 Bb7 9. Ng3 Nb6 10. h3 a6 11. e5 Nfd5 12. Bh6 0-0-0 13. Bxf8 Rdxf8 14. 0-0 Kb8 15. b3 b4 16. a3 a5 17. axb4 axb4 18. Ne4 f5 19. exf6 exf6 20. c4 bxc3 21. Nxc3 Nxc3 22. Qxc3 Nd5 23. Qd2 g5 24. Ba6 Qb6 25. Bxb7 Kxb7 26. Qd3 f5 27. Rfe1 g4 28. Nd2 Kc7 29. Ra6 Qb7 30. Ra5 Kb8 31. Nc4 Rf6 32. Rea1 gxh3 33. Qxh3 h5 34. Qh4 Rhh6 35. b4 Nc7 36. b5 cxb5 37. Rb1 Kc8 38. Ne3 f4 39. Nc2 Rhg6 40. Qh3+ Kd8 41. Nb4 Qe4 42. Rc1 Rf5 43. Ra7 Ne6 44. Nc6+ Ke8 45. Ne7 Rxg2+ 46. Qxg2 Rg5 1-0

[Event "FIN-chT1A 0405"]
[Site "Finland"]
[Date "2005.02.06"]
[Round "6.2"]
[White "Hurme, Harri M"]
[Black "Sorsa, Miitrei"]
[Result "0-1"]
[WhiteElo "2196"]
[BlackElo "2199"]
[PlyCount "130"]
[EventDate "2004.09.18"]
[EventType "team-tourn"]
[EventRounds "7"]
[EventCountry "FIN"]
[SourceTitle "EXT 2022"]
[Source "ChessBase"]
[SourceDate "2021.10.06"]
[SourceVersion "1"]
[SourceVersionDate "2021.10.06"]
[SourceQuality "1"]
[WhiteTeam "Helsinki SSK"]
[BlackTeam "Turku TS II"]
[WhiteTeamCountry "FIN"]
[BlackTeamCountry "FIN"]

1. d4 d6 2. e4 Nf6 3. Nc3 c6 4. f4 g6 5. Nf3 Bg7 6. e5 Nd5 7. Ne4 Bf5 8. Ng3 Bg4 9. c3 0-0 10. Bd3 Qb6 11. h3 Bxf3 12. Qxf3 dxe5 13. fxe5 Na6 14. h4 f6 15. e6 f5 16. h5 Rf6 17. Kd1 Rxe6 18. Kc2 Rd8 19. h6 Bh8 20. Nxf5 Nab4+ 21. cxb4 Nxb4+ 22. Kb1 Nxd3 23. Qxd3 gxf5 24. Qxf5 Rg6 25. Rf1 Bf6 26. Rf4 Rxd4 27. g4 Rxf4 28. Qxf4 Qd8 29. a4 Qd3+ 30. Ka2 e5 31. Qb4 Qd5+ 32. b3 c5 33. Qb5 Kf7 34. Be3 Rxg4 35. Bxc5 a6 36. Qb6 Rxa4+ 37. Ba3 Qd2+ 38. Kb1 Qd1+ 39. Kb2 Qd4+ 40. Qxd4 Rxd4 41. Kc2 Ke6 42. Rg1 Rh4 43. Bc1 Kf7 44. Be3 Rh2+ 45. Kd3 Rb2 46. Kc3 e4+ 47. Bd4 Bxd4+ 48. Kxd4 Rxb3 49. Kxe4 Kf6 50. Rg7 a5 51. Rxh7 Kg6 52. Rh8 a4 53. Ra8 Rb4+ 54. Kd5 b6 55. Rh8 b5 56. Kc5 Rb3 57. h7 Kg7 58. Ra8 Kxh7 59. Ra6 a3 60. Kd5 b4 61. Ke5 Rb2 62. Kf5 a2 63. Kg5 Rg2+ 64. Kf5 b3 65. Kf4 Rg1 0-1

[Event "FIN-chT 0203"]
[Site "Finland"]
[Date "2002.10.21"]
[Round "1.6"]
[White "Leino, Jukka"]
[Black "Sorsa, Miitrei"]
[Result "1/2-1/2"]
[WhiteElo "2203"]
[BlackElo "2170"]
[PlyCount "138"]
[EventDate "2002.10.21"]
[EventType "team-tourn"]
[EventRounds "9"]
[EventCountry "FIN"]
[SourceTitle "EXT 2004"]
[Source "ChessBase"]
[SourceDate "2003.11.25"]
[SourceVersion "1"]
[SourceVersionDate "2003.11.25"]
[SourceQuality "1"]
[WhiteTeam "Salo SK"]
[BlackTeam "Turku TS"]
[WhiteTeamCountry "FIN"]
[BlackTeamCountry "FIN"]

1. e4 c5 2. Nf3 d6 3. d4 cxd4 4. Nxd4 Nf6 5. Nc3 Nc6 6. Bg5 e6 7. Qd2 a6 8. 0-0-0 h6 9. Bh4 Nxe4 10. Nxe4 Qxh4 11. f4 d5 12. Ng3 Bd6 13. Nge2 Qf6 14. g3 0-0 15. Bg2 Bd7 16. Rhf1 Rfc8 17. Kb1 Qd8 18. f5 Be5 19. Bh3 Qb6 20. c3 Na5 21. Nf4 Nc4 22. Qf2 Na3+ 23. Ka1 Bxd4 24. Rxd4 Nc2+ 25. Qxc2 Qxd4 26. fxe6 fxe6 27. Ng6 Qc5 28. Ne5 Qe7 29. Qg6 Be8 30. Bxe6+ Kh8 31. Nf7+ Bxf7 32. Rxf7 Qg5 33. Qxg5 hxg5 34. Bxc8 Rxc8 35. Kb1 b5 36. Rf5 Rd8 37. Rxg5 d4 38. Kc2 dxc3 39. bxc3 Rf8 40. h4 Kh7 41. Kb3 Rf3 42. Kb4 Re3 43. a3 Re4+ 44. Kb3 Re3 45. Rg4 Rf3 46. a4 bxa4+ 47. Rxa4 Rxg3 48. Rxa6 Rh3 49. Ra4 Kh6 50. Rg4 g6 51. Kb4 Kh5 52. Rg5+ Kh6 53. Rg4 Kh5 54. Rg5+ Kh6 55. c4 Rxh4 56. Rg3 Rh1 57. c5 Rc1 58. Rc3 Rb1+ 59. Kc4 g5 60. c6 Rb8 61. Kd5 Kh5 62. c7 Rc8 63. Ke6 g4 64. Kd7 Rxc7+ 65. Kxc7 Kh4 66. Kd6 g3 67. Ke5 g2 68. Rc1 Kg3 69. Ke4 Kf2 1/2-1/2

[Event "FIN-chT 0102"]
[Site "Finland"]
[Date "2002.02.16"]
[Round "7.8"]
[White "Sorsa, Miitrei"]
[Black "Sisatto, Olli"]
[Result "1/2-1/2"]
[WhiteElo "2111"]
[BlackElo "2192"]
[PlyCount "81"]
[EventDate "2001.09.21"]
[EventType "team-tourn"]
[EventRounds "9"]
[EventCountry "FIN"]
[SourceTitle "EXT 2022"]
[Source "ChessBase"]
[SourceDate "2021.10.06"]
[SourceVersion "1"]
[SourceVersionDate "2021.10.06"]
[SourceQuality "1"]
[WhiteTeam "Turku TS"]
[BlackTeam "Tampere Taraus"]
[WhiteTeamCountry "FIN"]
[BlackTeamCountry "FIN"]

1. c4 Nf6 2. g3 e5 3. Bg2 Nc6 4. Nc3 Bb4 5. Nd5 Bc5 6. e3 0-0 7. Ne2 d6 8. d4 Bb6 9. 0-0 Nxd5 10. cxd5 Ne7 11. f4 Nf5 12. a4 a5 13. Kh1 exd4 14. Nxd4 Bxd4 15. exd4 Qf6 16. Ra3 Qxd4 17. Rd3 Qb6 18. g4 Nh4 19. Rh3 Nxg2 20. Kxg2 Qb4 21. Qc2 g6 22. f5 Bd7 23. Rf4 Qc5 24. Qxc5 dxc5 25. Bd2 Rfe8 26. Bc3 b6 27. fxg6 fxg6 28. Rhf3 Re7 29. Bf6 Re2+ 30. Kg3 Rae8 31. Bg5 R2e5 32. Bh6 Re3 33. b3 Rxf3+ 34. Kxf3 Bc8 35. Re4 Rxe4 36. Kxe4 Bxg4 37. Bf4 Kf7 38. Bxc7 Bd1 39. Bxb6 Bxb3 40. Bxc5 Bxa4 41. Ke5 1/2-1/2

[Event "Turku We TSY op"]
[Site "Turku"]
[Date "2002.??.??"]
[Round "4"]
[White "Sorsa, Miitrei"]
[Black "Nokso Koivisto, Antti"]
[Result "1/2-1/2"]
[WhiteElo "2171"]
[BlackElo "2239"]
[PlyCount "58"]
[EventDate "2002.04.??"]
[EventType "swiss"]
[EventRounds "5"]
[EventCountry "FIN"]
[SourceTitle "EXT 2004"]
[Source "ChessBase"]
[SourceDate "2003.11.25"]
[SourceVersion "1"]
[SourceVersionDate "2003.11.25"]
[SourceQuality "1"]

1. c4 e5 2. g3 Nc6 3. Bg2 g6 4. Nc3 Bg7 5. e4 d6 6. Nge2 h5 7. h4 Bg4 8. f3 Be6 9. Nd5 Qd7 10. d3 0-0-0 11. Qa4 Kb8 12. b4 Nd4 13. Qxd7 Bxd7 14. Nxd4 exd4 15. b5 Re8 16. Kf2 Ne7 17. Bh3 Bxh3 18. Rxh3 Rhf8 19. a4 f5 20. Bg5 Nxd5 21. exd5 Bf6 22. Bf4 Rf7 23. Rhh1 Rfe7 24. Rae1 Rxe1 25. Rxe1 Rxe1 26. Kxe1 Kc8 27. Kd2 Kd7 28. Kc2 Be5 29. Kb3 Bxf4 1/2-1/2

[Event "Nordic-ch"]
[Site "Bergen"]
[Date "2001.08.08"]
[Round "5"]
[White "Sprotte, Norbert"]
[Black "Sorsa, Miitrei"]
[Result "1/2-1/2"]
[WhiteElo "2240"]
[BlackElo "2111"]
[PlyCount "65"]
[EventDate "2001.08.04"]
[EventType "swiss"]
[EventRounds "9"]
[EventCountry "NOR"]
[SourceTitle "CBM 083 Extra"]
[Source "ChessBase"]
[SourceDate "2001.09.11"]
[SourceVersion "1"]
[SourceVersionDate "2001.09.11"]
[SourceQuality "1"]

1. Nf3 Nf6 2. c4 c5 3. Nc3 Nc6 4. g3 g6 5. Bg2 Bg7 6. 0-0 0-0 7. d4 cxd4 8. Nxd4 Nxd4 9. Qxd4 d6 10. Qd3 Qa5 11. Rd1 Rb8 12. Nb5 a6 13. Bd2 Qb6 14. Be3 Qa5 15. Qc3 Qd8 16. Nd4 Ng4 17. Bc1 Qc7 18. Qb4 Ne5 19. Be3 Qxc4 20. Qb6 Nd7 21. Qa7 Kh8 22. Rdc1 Qb4 23. Rc2 Qb6 24. Nc6 Qxa7 25. Nxa7 Nc5 26. Nxc8 Rfxc8 27. Rac1 a5 28. Bxc5 dxc5 29. Rxc5 Rxc5 30. Rxc5 b6 31. Rc2 Rd8 32. Bc6 Bd4 33. Bb5 1/2-1/2

[Event "Heart of Finland op 11th"]
[Site "Jyvaskyla"]
[Date "2001.07.21"]
[Round "8"]
[White "Sorsa, Miitrei"]
[Black "Nyysti, Sampsa"]
[Result "1/2-1/2"]
[WhiteElo "2111"]
[BlackElo "2224"]
[PlyCount "135"]
[EventDate "2001.07.??"]
[EventType "swiss"]
[EventRounds "9"]
[EventCountry "FIN"]
[SourceTitle "EXT 2002"]
[Source "ChessBase"]
[SourceDate "2001.11.25"]
[SourceVersion "1"]
[SourceVersionDate "2001.11.25"]
[SourceQuality "1"]

1. c4 c5 2. Nc3 Nf6 3. Nf3 d5 4. cxd5 Nxd5 5. e4 Nb4 6. d3 Bg4 7. Be3 Nd7 8. a3 Nc6 9. Be2 g6 10. d4 Bxf3 11. Bxf3 cxd4 12. Bxd4 Nde5 13. Bxe5 Nxe5 14. Be2 Bg7 15. Qa4+ Qd7 16. Bb5 Nc6 17. Rd1 Qe6 18. Nd5 Rc8 19. 0-0 0-0 20. Bc4 Qe5 21. Nc3 e6 22. Rfe1 Qa5 23. Qb3 Nd4 24. Qa2 Nc2 25. Re2 Nxa3 26. bxa3 Qxc3 27. Rc2 Qe5 28. Bd3 Rcd8 29. Qb1 Rd4 30. Rc4 Rxc4 31. Bxc4 Qc5 32. Qb4 Qxb4 33. axb4 Rc8 34. Bf1 Bf8 35. b5 Rc2 36. Bd3 Rb2 37. Rc1 Rd2 38. Bf1 b6 39. Re1 Rb2 40. f3 Bc5+ 41. Kh1 Kf8 42. g3 Rf2 43. f4 e5 44. fxe5 Bd4 45. Rc1 Bxe5 46. Bc4 f6 47. Re1 Ke7 48. Re2 Rf1+ 49. Kg2 Rc1 50. Bg8 Rc5 51. Ra2 Rxb5 52. Rxa7+ Kd6 53. Rxh7 Rb2+ 54. Kf3 b5 55. Rh6 b4 56. h4 Rc2 57. Rxg6 Rc3+ 58. Kg2 b3 59. Bxb3 Rxb3 60. g4 Rg3+ 61. Kf2 Kc5 62. g5 Rg4 63. Kf3 Rg3+ 64. Kf2 Kd4 65. Rxf6 Kxe4 66. Ra6 Rg4 67. h5 Bd4+ 68. Ke2 1/2-1/2

[Event "Turku op"]
[Site "Turku"]
[Date "2001.??.??"]
[Round "4"]
[White "Heino, Juha"]
[Black "Sorsa, Miitrei"]
[Result "1-0"]
[WhiteElo "2158"]
[BlackElo "2113"]
[PlyCount "83"]
[EventDate "2001.??.??"]
[EventType "swiss"]
[EventRounds "5"]
[EventCountry "FIN"]
[SourceTitle "EXT 2002"]
[Source "ChessBase"]
[SourceDate "2001.11.25"]
[SourceVersion "1"]
[SourceVersionDate "2001.11.25"]
[SourceQuality "1"]

1. e4 c5 2. c3 Nf6 3. e5 Nd5 4. d4 cxd4 5. cxd4 e6 6. a3 d6 7. Nf3 Bd7 8. Be2 Bc6 9. 0-0 Nd7 10. Nbd2 dxe5 11. Nxe5 Nxe5 12. dxe5 Qc7 13. Nf3 Be7 14. Qd4 0-0 15. Qg4 Rfd8 16. Re1 Qa5 17. Bh6 Bf8 18. Bg5 Rdc8 19. Bd3 Ne7 20. Nd4 Bd5 21. Re3 Ng6 22. Rh3 h6 23. Bxg6 fxg6 24. Be3 Qc7 25. Qxg6 Qxe5 26. Rxh6 Bc5 27. Rh4 Rf8 28. Rc1 Rac8 29. Qh7+ Kf7 30. Rf4+ Qxf4 31. Bxf4 Bxd4 32. Rd1 Bxb2 33. h4 Rh8 34. Qb1 Bf6 35. h5 Rc4 36. Qg6+ Kg8 37. Be3 Rh4 38. Rxd5 exd5 39. g4 b6 40. f3 Kf8 41. Kg2 Ke7 42. Bf2 1-0

[Event "Naantali op"]
[Site "Naantali"]
[Date "2001.??.??"]
[Round "2"]
[White "Sorsa, Miitrei"]
[Black "Kiik, Kalle"]
[Result "1/2-1/2"]
[WhiteElo "2113"]
[BlackElo "2450"]
[PlyCount "61"]
[EventDate "2001.??.??"]
[EventType "swiss"]
[EventRounds "9"]
[EventCountry "FIN"]
[SourceTitle "EXT 2002"]
[Source "ChessBase"]
[SourceDate "2001.11.25"]
[SourceVersion "1"]
[SourceVersionDate "2001.11.25"]
[SourceQuality "1"]

1. c4 g6 2. g3 Bg7 3. Bg2 c5 4. Nc3 d6 5. a3 a5 6. Nf3 Nc6 7. 0-0 e5 8. d3 Nge7 9. Ne1 0-0 10. Rb1 Be6 11. Nd5 Bxd5 12. cxd5 Nb8 13. b4 axb4 14. axb4 Nd7 15. Nc2 cxb4 16. Rxb4 Nc5 17. e4 Ra2 18. Bg5 f6 19. Be3 Qa5 20. Bxc5 Qxc5 21. Rc4 Qa5 22. Qe1 Qxe1 23. Rxe1 Rc8 24. Rxc8+ Nxc8 25. Ne3 Bh6 26. Rc1 Ne7 27. Rc7 Ra1+ 28. Bf1 Bxe3 29. fxe3 Kf8 30. Rxb7 Ke8 31. Kf2 1/2-1/2

[Event "Salo We SalSK op"]
[Site "Salo"]
[Date "2001.??.??"]
[Round "4"]
[White "Sorsa, Miitrei"]
[Black "Kivijarvi, Juha"]
[Result "0-1"]
[WhiteElo "2113"]
[BlackElo "2185"]
[PlyCount "52"]
[EventDate "2001.??.??"]
[EventType "swiss"]
[EventRounds "5"]
[EventCountry "FIN"]
[SourceTitle "EXT 2005"]
[Source "ChessBase"]
[SourceDate "2004.11.15"]
[SourceVersion "1"]
[SourceVersionDate "2004.11.15"]
[SourceQuality "1"]

1. c4 f5 2. g3 Nf6 3. Bg2 g6 4. Nc3 d6 5. d3 Bg7 6. e4 e5 7. Nge2 Nc6 8. 0-0 0-0 9. Nd5 h6 10. h3 Ne7 11. Nxe7+ Qxe7 12. Nc3 c6 13. exf5 Bxf5 14. g4 Be6 15. f4 exf4 16. Bxf4 d5 17. cxd5 Nxd5 18. Nxd5 Bxd5 19. Bxd5+ cxd5 20. Qb3 Rxf4 21. Rxf4 Qe3+ 22. Rf2 Rf8 23. Qxd5+ Kh8 24. Raf1 Bd4 25. Qe4 Rxf2 26. Qxe3 Rxf1+ 0-1

[Event "Naantali op"]
[Site "Naantali"]
[Date "2001.??.??"]
[Round "4"]
[White "Sorsa, Miitrei"]
[Black "Parkkinen, Jyrki"]
[Result "1/2-1/2"]
[WhiteElo "2113"]
[BlackElo "2140"]
[PlyCount "60"]
[EventDate "2001.??.??"]
[EventType "swiss"]
[EventRounds "9"]
[EventCountry "FIN"]
[SourceTitle "EXT 2002"]
[Source "ChessBase"]
[SourceDate "2001.11.25"]
[SourceVersion "1"]
[SourceVersionDate "2001.11.25"]
[SourceQuality "1"]

1. c4 e6 2. g3 d5 3. Bg2 Nf6 4. Nf3 c5 5. 0-0 Be7 6. Qc2 0-0 7. cxd5 exd5 8. d4 b6 9. b3 Bb7 10. Ne5 Nbd7 11. Nxd7 Qxd7 12. dxc5 bxc5 13. Nd2 Rfd8 14. Bb2 Rac8 15. Rfd1 d4 16. Bxb7 Qxb7 17. Rac1 Nd5 18. Qe4 Qd7 19. Nc4 Qe6 20. Qxe6 fxe6 21. e3 e5 22. Nxe5 dxe3 23. Rd3 exf2+ 24. Kxf2 Nb4 25. Rxd8+ Rxd8 26. Kf3 Rd2 27. Bc3 Rd5 28. Bxb4 Rxe5 29. Bc3 Rf5+ 30. Kg2 Rd5 1/2-1/2